000 01405nam0a2200361 4500
001 RU\NLR\bibl\128163
005 20260406153643.0
010 _a5-86785-074-9
_9200
021 _aRU
_b2000-39460
_91815
035 _a(NLR Aleph) 000125558
090 _a716059
_c716059
100 _a20001204d2000 |||y0rusy50 ca
101 0 _arus
102 _aRU
105 _ac |||||||||
200 1 _aЗолотой след
_eСтихотворения и поэмы
_fЮрий Чичев
210 _aМ.
_cМГАУ
_d2000
215 _a159 с.
_cпортр.
_d20
300 _aНа обороте тит. л. авт.: Ю.И. Чичев - засл. работник культуры РФ
327 1 _aСодерж.: Циклы: По аллее я брожу; Песни старых лиственниц; Пшеничный дождь; Земля моя; Поэмы: Степная повесть; Золотой след
675 _a821.161.1-1Чичев
_v3
_zrus
686 _a17.82
_2rugasnti
686 _a84(2Рос=Рус)6-5
_2rubbk
686 _aШ6(2=Р)75-5
700 1 _4070
_7ca
_8rus
_aЧичев
_bЮ. И.
_f1938-
_gЮрий Иванович
_9116445
_3RU\NLR\auth\776491
801 0 _aRU
_bRKP
_c20001204
_gPSBO
801 1 _aRU
_bRKP
_c20001204
801 2 _aRU
_bNLR
_c20010125
_grcr
852 _aNLR
_j2000-3/17505
942 _cBOOK
980 _aNB